000 00397nam a2200157Ia 4500
008 230917s9999||||xx |||||||||||||| ||und||
020 _cRS60
040 _e1214
_aMAIN
041 _aEnglish
082 _a595.7 S38A
100 _aSrivastava, P D, ed.
245 0 _aAgricultural entomology
260 _aNew Delhi
_bAll India Scientific Writer's Society
_c1983
300 _a438 p.
942 _cBK
999 _c52441
_d52441